00580 2200229 4500001002100000005001500021035002000036245004800056100001700104250000600121300003400127260003700161082001000198084001600208020002200224650001900246990001700265990001700282990001700299990001700316990001700333INLIS00000000000020920180914044107 a0010-09180000631 aBelajar Pidato Untuk Pemula /cUsul Wiyanto0 aUsul Wiyanto a- av, 74 hlm. :bilus. ;c25 cm. aSemarang :bAneka Ilmu,c[ s.a ] a808.5 a808.5 USU b a978-979-736-733-6 aRetorik Pidato a00906/P/2018 a00907/P/2018 a00908/P/2018 a00909/P/2018 a00910/P/2018